00528pam a2200193 a 4500001000800000005001700008008004100025010001700066020003300083040002300116041000800139060002200147080002100169082002500190100000600215101000800221245003700229504006800266204998220180118045446.0930430s1993 enk b 001 0 eng c a 93011249  a0471939056 (cased) :c$43.00 aDNLM/DLCcDLCdDLC aeng00aWM 175 B989e 1993 a616.85260651 BUT00a616.85260651 BUT2201 a3 aSHM10aEating disorders :cEric Button. aIncludes bibliographical references (P. [229]-237) and indexes.